000
00248nam a2200109Ia 4500
008
190216s9999||||xx |||||||||||||| ||und||
100
_a
Gerhard G Mueller
245
0
_a
International Accounting
260
_b
Null
_c
1967
300
_a
251p
942
_c
BK
999
_c
4870
_d
4870